| 000 | 01019nam a2200265 i 4500 | ||
|---|---|---|---|
| 001 | 110748 | ||
| 003 | ES-MaACL | ||
| 005 | 20250723061836.0 | ||
| 007 | t| | ||
| 008 | 070124s1929 sp ||||1| spa d | ||
| 080 | _a34(37)(075.8) | ||
| 100 | 1 |
_aBonfante, Pietro. _930148 |
|
| 245 | 1 | 0 |
_aInstituciones de derecho romano / _cpor Pedro Bonfante ; traducción de la octava edición italiana por Luis Bacci y Andrés Larrosa, revisada por Fernando Campuzano Horma. |
| 260 |
_aMadrid : _bHijos de Reus, _c1929. |
||
| 300 |
_aX, 688 p. ; _c23 cm. |
||
| 490 | 1 |
_aBiblioteca jurídica de autores españoles y extranjeros ; _v133 |
|
| 650 | 0 | 7 |
_aDerecho romano _2embne _911764 |
| 700 | 1 |
_aBacci, Luigi. _924447 |
|
| 700 | 1 |
_aLarrosa, Andrés. _970362 |
|
| 700 | 0 |
_aCampuzano y Horma, Fernando. _934352 |
|
| 710 | 2 |
_aInstituto Cristóforo Colombo (Roma) _94818 |
|
| 830 | 0 |
_aBiblioteca jurídica de autores españoles y extranjeros ; _v133 _9182228 |
|
| 852 |
_aES-MaACL _jE-3115 |
||
| 999 |
_c110748 _d110748 |
||